000 006390000a22001810004500
041 0 _aSPA
082 0 4 _aG 266.0098 C7554u
245 1 0 _aUnidad y misión en América Latina : Documentos de refelxión para la Consulta de Misión y la Cuarta Asamblea del CLAI / Victor Rey, Compilador
260 _aQuito, Ecuador : CLAI (ver Consejo Latinoamericano de Iglesias)
300 _a38 Pag
440 0 _aSerie Teología en el Camino ; no. 2
650 1 4 _aTEOLOGIA - MISIONES - AMERICA LATINA
001 3488
942 _cBK
999 _c34152
_d34152
336 _atexto
_btxt
_2rdacontent
337 _2rdamedia
_asin mediación
_bn
338 _2rdacarrier
_avolumen
_bnc